[Event "Chinese Chess League 2019"]
[Site "Shen Yang"]
[Date "2019.12.06"]
[Round "21.8"]
[White "Dai, Changren"]
[Black "Andreikin, Dmitry"]
[Result "0-1"]
[WhiteElo "2509"]
[BlackElo "2733"]
[Annotator "TA"]
[PlyCount "68"]
[EventDate "2019.04.09"]
[EventType "team-tourn"]
[EventCountry "CHN"]
[SourceTitle "playchess.com"]
[Source "ChessBase"]
[SourceQuality "1"]

{[%evp 9,68,23,22,10,23,15,21,22,22,23,14,21,35,18,13,0,0,0,0,0,0,0,8,0,12,0,20,-12,-11,0,-9,-12,-4,-10,-2,-39,0,0,0,4,12,0,0,-8,-8,-8,-8,-13,-28,-251,-257,-526,-519,-526,-521,-531,-493,-2566,-2585,-29980,-29977]} 1. e4 c5 2. Nf3 d6 3. Bb5+ Nd7 4. O-O a6 5. Bd3 Ngf6 6. c3 {B51: Sicilian: Moscow Variation (3 Bb5+) without 3...Bd7} (6. Re1 g6 7. c3 Bg7 8. Bc2 O-O 9. d4 e5 10. a4 Rb8 11. dxe5 Nxe5 12. Nxe5 dxe5 13. Qxd8 Rxd8 {½-½ (65) Amin,B (2707)-Artemiev,V (2761) Danzhou 2019}) 6... b5 7. Bc2 Bb7 8. Re1 {The position is equal.} Rc8 9. a4 b4 10. d3 a5 $146 ({Predecessor:} 10... e6 11. a5 bxc3 12. bxc3 Be7 {1-0 (26) Delgado Ramirez,N (2613)-Salinas Herrera,P (2463) Montevideo 2018}) 11. Nbd2 g6 12. Nc4 Bg7 13. Bg5 O-O 14. Bb3 d5 15. exd5 Bxd5 16. Nfd2 h6 17. Bh4 Ba8 18. Qc2 bxc3 (18... g5 $5 19. Bg3 $8 Nh5 $11) 19. bxc3 g5 20. Bg3 Nd5 21. Ne3 Nf4 22. Nf5 e6 23. Nxg7 Kxg7 24. f3 Nf6 {[%cal Bd7f6,Bf6h5,Bh5f4][%mdl 32]} 25. Bc4 N6h5 26. Bf2 g4 27. fxg4 Qg5 $1 {[%cal Rg5g4]} 28. Qd1 f5 29. Bg3 $2 (29. Bxe6 $11 Nxg2 30. Bxc8 (30. Re5 Ngf4 $17) 30... Nxe1 31. Qxe1 Qxg4+ 32. Bg3 Nxg3 33. Qe5+ (33. hxg3 Rxc8 34. Qe5+ Kh7 $11) (33. Qxg3 Rxc8 34. Kf2 Qxg3+ 35. hxg3 Rd8 $11) (33. Qe7+ Kg6 $11) 33... Kh7 34. hxg3 Rxc8 35. Re1) 29... Nxg2 $19 30. Rxe6 $2 {[#]} (30. gxh5 {keeps fighting.} Nxe1 31. Qxe1) 30... Nhf4 $1 {[%cal Rf4h3] ...Nh3+ is the strong threat.} 31. h4 Nxh4 32. Qe1 Nxe6 33. Qxe6 (33. Bxh4 $142 Qxg4+ 34. Qg3) 33... Rce8 ({Not} 33... Qxd2 34. Be5+ Kh7 35. Qe7+ {[%mdl 64] Double Attack} Kg6 36. Qg7#) 34. Be5+ {[#]} Kh7 $1 {Accuracy: White = 52%, Black = 84%.} 0-1

[Event "Chinese Chess League 2019"]
[Site "Shen Yang"]
[Date "2019.12.06"]
[Round "21.9"]
[White "Tan, Zhongyi"]
[Black "Munguntuul, Batkhuyag"]
[Result "1-0"]
[WhiteElo "2504"]
[BlackElo "2436"]
[Annotator "TA"]
[PlyCount "157"]
[EventDate "2019.04.09"]
[EventType "team-tourn"]
[EventCountry "CHN"]
[SourceTitle "playchess.com"]
[Source "ChessBase"]
[SourceQuality "1"]

{[%evp 18,157,15,14,0,0,0,0,0,-7,-2,-18,-6,-14,-21,-81,-12,-7,-8,-30,-27,-56,0,-64,0,0,27,27,27,33,26,27,23,29,37,33,37,39,31,35,108,110,101,30,30,39,31,33,61,71,135,115,225,45,247,230,244,237,303,297,301,291,282,244,257,251,232,229,474,480,443,363,468,458,661,678,12826,12827,12827,12828,12827,12820,12837,12835,12836,12829,12827,12830,12826,12829,12826,12829,12830,12829,12828,12829,1641,12797,7407,4853,12835,12835,12835,12834,12835,12836,12838,12836,12836,12837,12839,12839,12850,27999,12851,12851,12851,12851,12851,12851,12851,27999,12851,27999,12851,27999,12851,27999,12851,27999,27997,27997,27999,27999,27991,27991,27992,27992,27995,27993,27998,27998]} 1. d4 d5 2. c4 c6 3. Nf3 Nf6 4. Nc3 e6 5. Bg5 h6 6. Bxf6 Qxf6 7. Qb3 Nd7 8. e4 dxe4 9. Nxe4 Qf4 10. Bd3 e5 {D43: Semi-Slav: 5 Bg5 h6} 11. O-O {Black must now prevent Rfe1.} Be7 12. Rfe1 (12. Rae1 exd4 13. Bb1 O-O 14. Ng3 Bd8 15. Qd3 g6 16. h4 Nf6 17. h5 g5 18. Ne5 {1-0 (30) Aronian,L (2802)-Ding,L (2771) Tbilisi 2017}) 12... exd4 $1 {The position is equal.} 13. Ng3 {Hoping for Nf5.} Nc5 14. Qc2 Qc7 15. Bf5 $146 ({Predecessor:} 15. Nf5 Bxf5 16. Bxf5 O-O 17. Nxd4 Bf6 18. Rad1 {0-1 (26) Keessen,A-Khenkin,I (2565) Haarlem 1998}) 15... O-O 16. Bxc8 (16. Nxd4 $11 Rd8 17. Rad1) 16... Raxc8 (16... d3 $1 $17 {[%cal Rd3c2]} 17. Qd2 Rfxc8) 17. Nxd4 $11 Rfe8 18. Ndf5 Bf8 19. Nh5 {Black should prevent Nxh6+!} Nd7 ({Better is} 19... Re5 $15) 20. Red1 (20. Qd3 $11) 20... Qe5 (20... Rcd8 $15) 21. f4 $1 (21. Rxd7 $2 Qe1+ $1 {[%mdl 512]} 22. Rxe1 Rxe1#) 21... Qe6 {[#]} 22. Nhxg7 $1 {[%mdl 512]} Bxg7 23. Rd6 Qe2 24. Qxe2 Rxe2 25. Rxd7 {Ne7+ is the strong threat.} Rce8 26. Rxb7 Rc2 27. Rb3 {And now Rg3 would win.} (27. Rxa7 Ree2 $11) 27... Bxb2 28. Rd1 $36 {[%mdl 2048] White has the initiative.} ({Avoid the trap} 28. Nxh6+ $2 Kh7 $19) 28... Ree2 (28... Kh7 $14) 29. Rg3+ $1 $16 ({Much weaker is} 29. Nxh6+ $6 Kh7 $11) 29... Kh7 30. h3 ({White should play} 30. h4 $1 $16 {aiming for Rd7.} Red2 31. Rxd2 Rxd2 32. h5) 30... Red2 $11 31. Rxd2 Rxd2 {[%mdl 4096] Endgame KRB-KRN} 32. Rb3 Bd4+ {[%mdl 64] Discovered Attack} 33. Kh2 Bb6 ({Black should try} 33... a5) 34. Rg3 $1 $16 Bc7 (34... Bd4 $16) 35. Rg7+ $18 {[%mdl 64] Double Attack} Kh8 36. Kg3 ({Weaker is} 36. Rxf7 Bxf4+ 37. Kg1 Rxa2 $16) 36... Rd7 37. Kg4 Bd6 {[#] Threatens to win with ...Bf8.} 38. Kh5 $1 Bxf4 39. Rg4 Bc1 40. Nxh6 Bxh6 41. Kxh6 {KR-KR} Rd6+ 42. Kg5 c5 $2 (42... Kg7 {was necessary.} 43. Kf5+ Kf8) 43. Kf5 Ra6 44. a3 Kh7 45. Ke5 Rxa3 (45... Rh6 $142 46. Rg3 Rh4) 46. Kf6 a5 47. Kxf7 {[%cal Rg4h4]} Kh6 48. Kf6 {[%cal Rg4h4]} Kh7 49. Rg5 a4 50. Rh5+ Kg8 51. g4 Rf3+ 52. Kg6 Rb3 53. Rxc5 {[%cal Rc5c8]} Rb6+ 54. Kf5 Ra6 55. Rc8+ Kf7 56. Rc7+ Kf8 57. Rb7 a3 58. Rb1 a2 59. Ra1 Kf7 60. Ke5 Ke7 61. c5 Kd7 62. Kd5 Ra3 63. h4 Ra4 64. g5 Rxh4 65. Rxa2 Rg4 66. Ra7+ Ke8 67. Ke6 {[%cal Ra7a8]} Re4+ 68. Kf6 Rf4+ 69. Kg6 Rc4 70. Ra8+ Ke7 71. Ra5 Kf8 72. Ra8+ Ke7 {[#]} 73. Kg7 (73. c6 $1 $18 Rxc6+ 74. Kh7) 73... Rxc5 {White mates.} 74. g6 Rc6 75. Kh7 Rc1 76. g7 Rh1+ 77. Kg8 Rg1 78. Ra4 Re1 79. Rh4 {Accuracy: White = 74%, Black = 38%.} 1-0

[Event "Chinese Chess League 2019"]
[Site "Shen Yang"]
[Date "2019.12.06"]
[Round "21.10"]
[White "Lei, Tingjie"]
[Black "Xiao, Yiyi"]
[Result "1-0"]
[WhiteElo "2485"]
[BlackElo "2316"]
[Annotator "TA"]
[PlyCount "111"]
[EventDate "2019.04.09"]
[EventType "team-tourn"]
[EventCountry "CHN"]
[SourceTitle "playchess.com"]
[Source "ChessBase"]
[SourceQuality "1"]

{[%evp 18,111,19,-2,12,10,53,51,76,55,114,108,110,98,104,97,129,141,150,129,176,168,258,286,284,211,199,202,212,213,222,211,205,215,243,216,256,207,215,237,217,157,151,145,174,166,186,172,312,297,302,293,337,300,337,112,119,108,137,137,135,120,131,113,109,104,180,198,203,184,341,225,593,587,579,586,586,586,579,579,579,579,1204,579,579,579,577,574,572,572,586,564,564,561,531,531]} 1. d4 d5 2. c4 e6 3. Nc3 Nf6 4. cxd5 exd5 5. Bg5 c6 6. e3 Be7 7. Qc2 Nbd7 8. Bd3 O-O 9. Nge2 Re8 10. f3 a5 {D36: Queen's Gambit Declined: Exchange Variation: Main line (5 Bg5 c6 6 Qc2)} (10... c5 11. O-O h6 12. Bh4 Nf8 13. Rad1 c4 14. Bf5 Bxf5 15. Qxf5 Qd7 16. Qxd7 N8xd7 17. Bxf6 Nxf6 18. e4 dxe4 19. fxe4 Rad8 20. Nf4 Bb4 {½-½ (28) Kryvoruchko,Y (2711)-Kravtsiv,M (2623) Lvov 2015}) 11. O-O Qb6 $146 ({Predecessor:} 11... Nf8 12. Rad1 g6 13. h3 Ne6 14. Bh4 b6 15. Bf2 Ba6 16. Bxa6 Rxa6 17. e4 Ra8 18. Be3 Rc8 19. Kh1 Qd7 20. Bh6 {1-0 (46) Cvitan,O (2507)-Sinanovic,M (2403) Sibenik 2011}) 12. Kh1 h6 {White is slightly better.} 13. Bh4 $1 Nf8 (13... Ng4 $14 14. Bh7+ (14. fxg4 Bxh4 15. Bh7+ Kf8 $11) 14... Kh8 15. fxg4 {[%mdl 64] Discovered Attack} Bxh4) 14. Bf2 Qd8 15. e4 dxe4 16. fxe4 Ng4 17. Bg1 $1 Bg5 18. Rf3 $1 Be6 19. e5 $1 {Black must now prevent h3.} h5 (19... Nd7 $142 20. Bf5 (20. h3 Ngxe5 21. dxe5 Nxe5 $16) 20... Bxf5 21. Qxf5 {[%mdl 64] Double Attack} Ngxe5) 20. h3 $18 Nh6 21. Raf1 Bd5 22. Nxd5 cxd5 23. Nc3 Ne6 24. Qf2 {[%cal Rf3f7]} Rf8 25. Bb1 Rc8 26. Qe2 Rc4 27. Qd3 {[%csl Gb1][%cal Rd3h7]} g6 28. a3 $40 {[%mdl 128] White attacks with force.} Nc7 29. Ba2 Rc6 30. Bh2 Re6 31. Nb5 Nxb5 32. Qxb5 {[%mdl 64] Double Attack} Nf5 {[#]} (32... Rb6 $142 33. Qxa5 (33. Qxd5 Nf5 $18) 33... Nf5 34. Qxd5 (34. Bxd5 Rxb2 35. Qc5 Qd7 $16) 34... Qxd5 35. Bxd5 Rd8) 33. Rxf5 $1 (33. Bxd5 Nxd4 34. Qxb7 Nxf3 $14) (33. Qxd5 Qxd5 34. Bxd5 Ne3 $16) (33. Qxb7 Re7 $16) 33... gxf5 34. Rxf5 (34. Qxb7 Rb6 $11) 34... Rg6 35. Bxd5 Be3 36. Qxb7 $2 (36. Rf3 $18 {and White stays clearly on top.} Bxd4 37. Qc4 (37. Bxb7 Qb6 $11) (37. Qxb7 Rb6 $16 {[%mdl 64] Double Attack})) 36... Qc8 $16 37. Qxc8 Rxc8 38. Rxf7 ({Don't take} 38. Bxf7+ Kg7 $14) 38... Kh8 {[#] aiming for ...Rc1+.} 39. Rf1 $1 Bxd4 40. e6 {Strongly threatening e7.} Rf6 41. Re1 Re8 (41... Bxb2 $16 42. e7 Re8) 42. b4 $18 axb4 43. axb4 {Rd1 is the strong threat.} Bc3 $2 (43... Rf5 {was called for.}) 44. Rc1 Bd4 $2 (44... Bxb4 45. Be5 Be7) 45. Rd1 {White is clearly winning.} Bc3 46. b5 Rf2 47. b6 Rb2 48. b7 Kg7 49. Rf1 h4 50. Rc1 (50. Rf7+ $142 Kh8 51. e7 Rb1+ 52. Bg1) 50... Bd4 51. Bc6 Rxe6 52. b8=Q Rxb8 53. Bxb8 Bb2 54. Rb1 Bd4 55. Bf3 Kf6 56. Bc7 {Accuracy: White = 72%, Black = 39%.} 1-0

[Event "Chinese Chess League 2019"]
[Site "Shen Yang"]
[Date "2019.12.06"]
[Round "21.11"]
[White "Ni, Hua"]
[Black "Naiditsch, Arkadij"]
[Result "1/2-1/2"]
[WhiteElo "2672"]
[BlackElo "2617"]
[Annotator "RC"]
[PlyCount "63"]
[EventDate "2019.04.09"]
[EventType "team-tourn"]
[EventCountry "CHN"]
[SourceTitle "playchess.com"]
[Source "ChessBase"]
[SourceQuality "1"]
[TimeControl "5400+30"]

1. d4 {[%emt 0:00:16]} Nf6 {[%emt 0:00:00]} 2. c4 {[%emt 0:00:13]} e6 {[%emt 0:00:00]} 3. Nf3 {[%emt 0:00:12]} d5 {[%emt 0:00:00]} 4. g3 {[%emt 0:00:04]} dxc4 {[%emt 0:01:35]} 5. Bg2 {[%emt 0:00:51]} c5 {[%emt 0:00:56]} 6. O-O {[%emt 0:00:18]} Nc6 {[%emt 0:00:06]} 7. dxc5 {[%emt 0:11:52]} Qxd1 {[%emt 0:00:13]} 8. Rxd1 {[%emt 0:00:04]} Bxc5 {[%emt 0:00:11]} 9. Nbd2 {[%emt 0:02:28]} c3 {[%emt 0:00:19]} 10. bxc3 {[%emt 0:00:07]} O-O {[%emt 0:00:11]} 11. Nb3 {[%emt 0:01:53]} Be7 {[%emt 0:00:10]} 12. Nfd4 {[%emt 0:03:16]} Bd7 {[%emt 0:13:11]} 13. Bg5 {[%emt 0:13:19]} Rac8 {[%emt 0:08:06]} 14. Nf5 {[%emt 0:07:39]} exf5 {[%emt 0:00:46]} 15. Bxf6 {[%emt 0:00:05]} Bxf6 {[%emt 0:00:10]} 16. Rxd7 {[%emt 0:00:05]} b6 {[%emt 0:05:16]} 17. Nd4 {[%emt 0:01:42]} Nxd4 {[%emt 0:06:29]} 18. cxd4 {[%emt 0:00:16]} Rfd8 {[%emt 0:00:17]} 19. Rxd8+ {[%emt 0:00:13]} Bxd8 {[%emt 0:00:07]} 20. e3 {[%emt 0:02:26]} Be7 {[%emt 0:01:55]} 21. a4 {[%emt 0:00:23]} Rc3 {[%emt 0:01:27]} 22. Bd5 {[%emt 0:01:28]} g5 {[%emt 0:01:24]} 23. Kg2 {[%emt 0:00:15]} Kg7 {[%emt 0:00:51]} 24. Rb1 {[%emt 0:07:35]} f4 {[%emt 0:02:25]} 25. gxf4 {[%emt 0:00:22]} gxf4 {[%emt 0:00:07]} 26. Kf3 {[%emt 0:00:02]} fxe3 {[%emt 0:00:35]} 27. fxe3 {[%emt 0:00:03]} Bg5 {[%emt 0:00:21]} 28. Rb3 {[%emt 0:00:03]} Rxb3 {[%emt 0:00:21]} 29. Bxb3 {[%emt 0:00:03]} f5 {[%emt 0:00:10]} 30. Bc2 {[%emt 0:00:02]} Kf6 {[%emt 0:00:08]} 31. e4 {[%emt 0:00:15]} fxe4+ {[%emt 0:00:06]} 32. Bxe4 {[%emt 0:00:01] Ke5} 1/2-1/2

[Event "Chinese Chess League 2019"]
[Site "Shen Yang"]
[Date "2019.12.06"]
[Round "21.12"]
[White "Xu, Yi"]
[Black "Peng, Xiongjian"]
[Result "1/2-1/2"]
[WhiteElo "2541"]
[BlackElo "2486"]
[Annotator "RC"]
[PlyCount "60"]
[EventDate "2019.04.09"]
[EventType "team-tourn"]
[EventCountry "CHN"]
[SourceTitle "playchess.com"]
[Source "ChessBase"]
[SourceQuality "1"]
[TimeControl "5400+30"]

1. e4 {[%emt 0:00:00]} e5 {[%emt 0:00:18]} 2. Nf3 {[%emt 0:00:00]} Nc6 {[%emt 0:00:40]} 3. Nc3 {[%emt 0:00:00]} Nf6 {[%emt 0:01:11]} 4. d4 {[%emt 0:00:40]} exd4 {[%emt 0:00:43]} 5. Nxd4 {[%emt 0:00:05]} Bb4 {[%emt 0:00:41]} 6. Nxc6 {[%emt 0:00:16]} bxc6 {[%emt 0:00:32]} 7. Bd3 {[%emt 0:00:15]} d5 {[%emt 0:02:15]} 8. exd5 {[%emt 0:03:17]} cxd5 {[%emt 0:07:44]} 9. O-O {[%emt 0:04:42]} O-O {[%emt 0:00:57]} 10. Bg5 {[%emt 0:04:06]} c6 {[%emt 0:04:24]} 11. Qf3 {[%emt 0:04:35]} Be7 {[%emt 0:15:46]} 12. Rae1 {[%emt 0:01:56]} h6 {[%emt 0:02:26]} 13. Bxh6 {[%emt 0:01:42]} gxh6 {[%emt 0:35:29]} 14. Qe3 {[%emt 0:01:39]} Kg7 {[%emt 0:09:03]} 15. Qxe7 {[%emt 0:00:49]} Qxe7 {[%emt 0:00:59]} 16. Rxe7 {[%emt 0:00:06]} Re8 {[%emt 0:00:42]} 17. Rxe8 {[%emt 0:01:09]} Nxe8 {[%emt 0:00:05]} 18. Re1 {[%emt 0:00:18]} Be6 {[%emt 0:00:33]} 19. Na4 {[%emt 0:00:23]} Kf6 {[%emt 0:01:49]} 20. Nc5 {[%emt 0:01:03]} Ke7 {[%emt 0:00:30]} 21. f4 {[%emt 0:01:08]} Kd6 {[%emt 0:00:13]} 22. Nb7+ {[%emt 0:00:05]} Kc7 {[%emt 0:00:09]} 23. Nc5 {[%emt 0:00:05]} Kd6 {[%emt 0:00:05]} 24. Nb7+ {[%emt 0:00:03]} Kc7 {[%emt 0:00:09]} 25. Nc5 {[%emt 0:00:06]} Kd6 {[%emt 0:00:13]} 26. Nb7+ {[%emt 0:00:05]} Kc7 {[%emt 0:00:09]} 27. Nc5 {[%emt 0:00:04]} Kd6 {[%emt 0:00:08]} 28. Nb7+ {[%emt 0:00:05]} Kc7 {[%emt 0:00:08]} 29. Nc5 {[%emt 0:00:03]} Kd6 {[%emt 0:00:06]} 30. Nb7+ {[%emt 0:00:04]} Kc7 {[%emt 0:00:03]} 1/2-1/2

[Event "Chinese Chess League 2019"]
[Site "Shen Yang"]
[Date "2019.12.06"]
[Round "21.13"]
[White "Lou, Yiping"]
[Black "Nie, Xinyang"]
[Result "1/2-1/2"]
[WhiteElo "2473"]
[BlackElo "2351"]
[Annotator "TA"]
[PlyCount "60"]
[EventDate "2019.04.09"]
[EventType "team-tourn"]
[EventCountry "CHN"]
[SourceTitle "playchess.com"]
[Source "ChessBase"]
[SourceQuality "1"]

{[%evp 13,60,0,0,0,10,-5,0,-20,-20,-22,0,-1,7,0,20,22,37,38,32,16,32,18,26,21,114,106,81,23,29,24,42,41,43,41,55,44,52,52,61,58,61,58,79,37,54,25,25,18,26]} 1. d4 d5 2. Nf3 e6 3. Bf4 Nf6 4. e3 c5 5. c3 Nc6 6. Nbd2 Bd6 7. Bg3 O-O 8. Bb5 {D02: 1 d4 d5 2 Nf3 sidelines, including 2...Nf6 3 g3 and 2...Nf6 3 Bf4} (8. Bd3 Qe7 9. Ne5 Nd7 10. Nxd7 Qxd7 11. Bxd6 Qxd6 12. dxc5 Qxc5 13. Bxh7+ Kxh7 14. Qh5+ Kg8 15. Ne4 g6 {½-½ (15) Riazantsev,A (2645)-Popov,I (2604) Moscow 2019}) 8... Qe7 9. O-O Bd7 10. Ba4 $146 ({Predecessor:} 10. Bxc6 Bxc6 11. Re1 Bxg3 12. hxg3 b6 13. a4 a5 14. Ne5 Qc7 15. g4 h6 {0-1 (57) Bryzgalin,K (2474)-Drozdovskij,Y (2509) playchess.com INT 2006}) 10... Bxg3 11. hxg3 Rfc8 12. Re1 Rab8 13. Bc2 cxd4 14. exd4 Be8 15. a4 Nd7 16. Qe2 Nf8 17. Bd3 Qd8 18. Nb3 Na5 (18... f6 $11) 19. Nxa5 $16 Qxa5 20. Ne5 (20. g4 $16) 20... f6 $11 21. Nf3 Bg6 22. Bxg6 hxg6 23. Qb5 Qd8 24. Re2 g5 25. Ne1 Qd6 26. Nd3 a6 27. Qb3 b6 28. Nb4 a5 29. Nc2 Rc6 30. Rae1 Kf7 {Accuracy: White = 41%, Black = 35%.} 1/2-1/2

[Event "Chinese Chess League 2019"]
[Site "Shen Yang"]
[Date "2019.12.06"]
[Round "21.14"]
[White "Javakhishvili, Lela"]
[Black "Ju, Wenjun"]
[Result "1/2-1/2"]
[WhiteElo "2457"]
[BlackElo "2586"]
[Annotator "TA"]
[PlyCount "63"]
[EventDate "2019.04.09"]
[EventType "team-tourn"]
[EventCountry "CHN"]
[SourceTitle "playchess.com"]
[Source "ChessBase"]
[SourceQuality "1"]

{[%evp 18,63,0,0,0,0,43,0,0,0,0,-7,0,-7,0,0,0,0,0,-27,-20,-27,-23,-35,-35,-35,-18,-19,-11,-41,-9,-25,0,0,0,0,0,0,0,0,0,0,0,0,0,0,0,0]} 1. d4 Nf6 2. Nf3 d5 3. c4 e6 4. Nc3 Bb4 5. cxd5 exd5 6. Bg5 h6 7. Bxf6 Qxf6 8. Qb3 c5 9. a3 Bxc3+ 10. Qxc3 b6 {D38: Queen's Gambit Declined: Ragozin Defence (4 Nf3 Bb4)} (10... c4 11. b3 Be6 12. Ne5 O-O 13. e3 Nc6 14. Be2 Nxe5 15. dxe5 Qg6 16. O-O d4 17. exd4 cxb3 18. Bf3 {0-1 (32) Dreev,A (2648)-Carlsen,M (2827) Tbilisi 2017}) 11. e3 Be6 $146 ({Predecessor:} 11... Nd7 12. Be2 O-O 13. O-O Bb7 14. Bb5 Rfd8 15. Rfc1 c4 16. Bxd7 Rxd7 17. b3 Rc8 18. Nd2 cxb3 19. Qxb3 Rdc7 20. Qb2 Qd6 {½-½ (35) Koneru,H (2560)-Ju,W (2576) Skolkovo 2019}) 12. dxc5 {Bb5+ is the strong threat.} Qxc3+ 13. bxc3 bxc5 14. Ne5 Nd7 15. Bb5 Ke7 16. Nxd7 Bxd7 17. Bxd7 Kxd7 $11 {[%mdl 4096] Endgame KRR-KRR} 18. Kd2 Kc6 19. Rab1 Rab8 20. Rxb8 Rxb8 {KR-KR} 21. Kc2 h5 22. h4 c4 23. a4 g6 24. Re1 Rb7 25. e4 {The position is equal.} dxe4 26. Rxe4 Kd5 27. Rd4+ Kc5 28. Rd8 Re7 29. Rc8+ Kd5 {White must now prevent ...Re2+.} 30. Rd8+ Kc5 31. Rc8+ Kd5 {Threatens to win with ...Re2+.} 32. Rd8+ {Accuracy: White = 45%, Black = 47%.} 1/2-1/2

[Event "Chinese Chess League 2019"]
[Site "Shen Yang"]
[Date "2019.12.06"]
[Round "21.15"]
[White "Huang, Qian"]
[Black "Ni, Shiqun"]
[Result "1/2-1/2"]
[WhiteElo "2427"]
[BlackElo "2391"]
[Annotator "TA"]
[PlyCount "63"]
[EventDate "2019.04.09"]
[EventType "team-tourn"]
[EventCountry "CHN"]
[SourceTitle "playchess.com"]
[Source "ChessBase"]
[SourceQuality "1"]

{[%evp 16,63,23,37,23,10,17,13,9,13,16,14,17,20,31,8,14,0,0,0,0,0,35,35,33,32,31,39,37,10,37,32,29,28,40,35,36,19,20,16,12,16,27,8,8,8,43,28,39,18]} 1. d4 d5 2. Nf3 Nf6 3. c4 dxc4 4. e3 e6 5. Bxc4 c5 6. O-O a6 7. dxc5 Qxd1 8. Rxd1 Bxc5 9. Be2 ({Predecessor:} 9. Nbd2 b6 10. a3 Bb7 11. b4 Be7 12. Bb2 Nbd7 13. Rac1 O-O {½-½ (14) Nakar,E (2419)-Givon,A (2447) Jerusalem 2015}) 9... b6 $146 {D27: Queen's Gambit Accepted: Classical main line: 7 e4!? and 7 a4} (9... O-O 10. Nbd2 Rd8 11. b3 b6 12. Bb2 Bb7 13. Rac1 Nbd7 14. Nc4 Rac8 15. Bd4 Bd5 16. Bxc5 Rxc5 17. b4 Rcc8 18. Nce5 b5 19. Rxc8 Rxc8 20. Nxd7 Nxd7 21. e4 Bc6 22. Rc1 {½-½ (22) Anton Guijarro,D (2678)-Vallejo Pons,F (2687) Changsha 2019}) 10. a3 Nbd7 11. Nbd2 {[%cal Bb1d2,Bd2c4,Bc4d6][%mdl 32]} Bb7 {The position is equal.} 12. b4 Be7 13. Bb2 O-O 14. Rac1 Rac8 15. Nc4 Rc7 16. Nd6 Rxc1 17. Bxc1 Bd5 18. e4 Bxd6 (18... Bb3 {feels hotter.} 19. Rd4 b5 20. Bg5 Rd8 21. Nb7 Re8) 19. exd5 Nxd5 20. Bxa6 N7f6 21. Bb2 Ra8 22. Bf1 Rc8 23. Rc1 Rxc1 24. Bxc1 Ne4 25. g3 Kf8 26. Nd2 Nec3 27. Kg2 Ke7 28. Nc4 Bc7 29. Ne3 Be5 30. Nxd5+ exd5 31. Bd3 h5 32. Bd2 {Accuracy: White = 51%, Black = 76%.} 1/2-1/2

[Event "Chinese Chess League 2019"]
[Site "Shen Yang"]
[Date "2019.12.06"]
[Round "21.16"]
[White "Lin, Yi"]
[Black "Predke, Alexandr"]
[Result "0-1"]
[WhiteElo "2425"]
[BlackElo "2676"]
[Annotator "TA"]
[PlyCount "80"]
[EventDate "2019.04.09"]
[EventType "team-tourn"]
[EventCountry "CHN"]
[SourceTitle "playchess.com"]
[Source "ChessBase"]
[SourceQuality "1"]

{[%evp 20,80,24,20,21,10,10,14,0,0,0,0,7,12,2,0,0,0,0,-15,-10,-47,-48,-52,-53,-56,-57,-66,-65,-58,-58,-59,-58,-102,-91,-107,-93,-127,-127,-140,-130,-198,-202,-258,-258,-399,-387,-535,-515,-709,-658,-1201,-1138,-1139,-990,-1016,-966,-1117,-806,-404,-217,-1910,-1757]} 1. d4 Nf6 2. c4 e6 3. Nf3 d5 4. g3 Bb4+ 5. Bd2 Bd6 6. Bg2 c6 7. O-O Nbd7 8. Qc2 O-O 9. Bg5 h6 10. Bxf6 Nxf6 11. Nbd2 a5 {E01: Catalan: Early deviations} (11... b6 12. e4 Be7 13. Rfd1 Bb7 14. Rac1 Rc8 15. Ne5 dxc4 16. Ndxc4 b5 17. Qb3 a6 18. Ne3 Nd7 19. N3g4 Nxe5 20. Nxe5 {0-1 (59) Moroni,L (2559)-Wojtaszek,R (2738) Batumi 2018}) 12. e4 $146 ({Predecessor:} 12. c5 Bc7 13. e4 dxe4 14. Nxe4 Re8 15. Rfd1 Nd5 16. Ne5 f5 17. Nd2 Qf6 18. Ndc4 Rd8 19. Rd2 {1-0 (37) Grabuzova,T (2343)-Kalmykova,A (2094) Vladimir 2008}) 12... Nxe4 13. Nxe4 dxe4 {The position is equal.} 14. Qxe4 c5 15. Rad1 {[#] Hoping for dxc5.} Qc7 16. dxc5 Qxc5 17. Qd4 Ra6 18. Qxc5 Bxc5 19. Rd3 Rd6 20. Rfd1 Rfd8 21. Rxd6 Rxd6 22. Rxd6 Bxd6 $15 {[%mdl 4096] Endgame KBB-KBN} 23. Kf1 f5 24. Ke2 Kf7 25. Ne1 Kf6 26. b3 g5 27. Nc2 e5 28. Ne3 e4 29. f3 Ke5 30. g4 (30. fxe4 $17 fxe4 31. Kd2) 30... f4 $19 31. Nd5 Kd4 32. Nf6 {[#]} (32. Nb6 $142 Be6 33. Bf1) 32... e3 $1 33. Ne4 Be7 34. a4 Bd7 35. h3 Be8 36. Bf1 Bg6 37. Bg2 b6 38. Bh1 Bf8 39. Bg2 Bg7 (39... Bh7 $142 40. Kd1 Bg7) 40. Bh1 $2 (40. Kd1) 40... Be5 {Accuracy: White = 20%, Black = 97%.} 0-1